000 00326nam a2200133Ia 4500
008 191201s2005 xx 000 0 und d
082 _a620.82
_bSHW
100 _aSHAH, H S
245 0 _aWork Study and Ergonomics
260 _aN.Delhi
_bDhanpat Rai Pub (P) Ltd
_c2005
300 _a316
650 _aB.Tech(ME)
942 _2ddc
_cBK
999 _c887
_d887